Ο Ευριπίδης και η εποχή του
Αποθηκεύτηκε σε:
| Κύριος συγγραφέας: | |
|---|---|
| Άλλοι συγγραφείς: | |
| Μορφή: | Βιβλίο |
| Γλώσσα: | Greek English |
| Δημοσίευση: |
[Αθήναι] :
[χ.ό.],
[1937].
|
| Θέματα: | |
| Διαθέσιμο Online: | http://hdl.handle.net/11610/16764 |
| Ετικέτες: |
Προσθήκη ετικέτας
Δεν υπάρχουν, Καταχωρήστε ετικέτα πρώτοι!
|
MARC
| LEADER | 00000cam a2200000 i 4500 | ||
|---|---|---|---|
| 001 | 1/93098 | ||
| 008 | 080903s1937 gr | ||| |||| ||gre|| | ||
| 035 | |l 10099870 | ||
| 040 | |a GR-MY-UA |b gre |e aacr | ||
| 041 | 1 | |a gre |h eng | |
| 082 | 7 | |a 882.01 |2 (22) | |
| 100 | 1 | |a Murray, Gilbert, |d 1866-1957. | |
| 245 | 1 | 2 | |a Ο Ευριπίδης και η εποχή του / |c [Gilbert Murray] ; [μετάφραση Ε.Π. Γιαννά]. |
| 260 | |a [Αθήναι] : |b [χ.ό.], |c [1937]. | ||
| 300 | |a η', 223 σ. ; |c 20 εκ. | ||
| 500 | |a Υπάρχει ψηφιακό αντίγραφο. | ||
| 500 | |a Η καταλογογράφηση έγινε με βάση τον πρόλογο του έργου. | ||
| 500 | |a "Το τέλος του πέμπτου κεφαλαίου της τελευταίας αγγλικής εκδόσεως ετροποποιήθη υπό του συγγραφέως ειδικώς διά την παρούσαν μετάφρασιν". | ||
| 500 | |a Τίτλος πρωτοτύπου: Euripides and his age. | ||
| 504 | |a Βιβλιογραφία: σ. [217]-223. | ||
| 600 | 0 | 7 | |2 nlgaf |a Ευριπίδης, |d 480-406. |
| 650 | 0 | 0 | |a Mythology, Greek, in literature. |
| 650 | 0 | 0 | |a Tragedy. |
| 650 | 0 | 0 | |a Dramatists, Greek |x Biography. |
| 700 | 1 | |a Γιαννά, Ευθαλία Π. |e trlf | |
| 852 | |a INST |b RHODES |c AKA |e 20080903 |h 882.01 MUR |p 005400027409 |q 005400027409 |t BK |y 23 | ||
| 856 | |u http://hdl.handle.net/11610/16764 | ||
| 901 | |a BIBL4-2008-3 | ||
| 909 | |a Ρ |b 152846 | ||
| 970 | |a ΧΑΡΙΟΠΟΛΙΤΟΥ |b ΚΩΝΣΤΑΝΤΙΝΑ |z 2008-09-03 | ||